| 000 | 00920cam a22002891 4500 | ||
|---|---|---|---|
| 001 | 15298 | ||
| 003 | BD-RjUL | ||
| 005 | 20211208235805.0 | ||
| 008 | 140209s1943 nyua 001 0 eng | ||
| 035 | _a(BD-RjUL)15352 | ||
| 035 | _a(OCoLC)1665815 | ||
| 040 |
_aDLC _cFM _dBD-RjUL _beng |
||
| 041 | _aeng | ||
| 082 |
_a658.916154 _bHED 1943 |
||
| 100 | 1 |
_aHeckert, J. Brooks _q(Josiah Brooks), _d1893- _947549 |
|
| 245 | 1 | 0 |
_aDrug store accounting / _cJ. Brooks Heckert , William E. Dickerson |
| 250 | _a1st ed. | ||
| 260 |
_aNew York ; London : _bMcGraw-Hill Book Company, inc., _cc1943. |
||
| 300 |
_ax, 415 p. : _c24 cm. _billus. ; |
||
| 504 | _aInclude index. | ||
| 650 | 0 |
_aPharmaceutical industry _xAccounting. _947550 |
|
| 650 | 0 |
_aRetail trade _xAccounting. _947551 |
|
| 700 | 1 |
_aDickerson, William Eugene _d1897- _ejoint author. _947552 |
|
| 942 |
_2ddc _cBK |
||
| 999 |
_c15298 _d15298 |
||